SHIKSHA KE SAMAJSHATRIY AADHAR (Record no. 19928)

MARC details
000 -LEADER
fixed length control field 00256nam a22001217a 4500
003 - CONTROL NUMBER IDENTIFIER
control field SGT
082 ## - DEWEY DECIMAL CLASSIFICATION NUMBER
Item number SHA
100 ## - MAIN ENTRY--PERSONAL NAME
Personal name SHARMA, YOGENDER
245 ## - TITLE STATEMENT
Title SHIKSHA KE SAMAJSHATRIY AADHAR
260 ## - PUBLICATION, DISTRIBUTION, ETC. (IMPRINT)
Place of publication, distribution, etc DELHI
Name of publisher, distributor, etc KANISHKA
Year of Publication 2016
300 ## - PAGE DESCRIPTION
No. of Pages 376
942 ## - ADDED ENTRY ELEMENTS (KOHA)
Source of classification or shelving scheme Dewey Decimal Classification
Koha item type Books
Holdings
Withdrawn status Lost status Source of classification or shelving scheme Damaged status Not for loan Collection code Home library Current library Shelving location Date acquired Cost, normal purchase price SGTU Bill Number Full call number Accession No. (Barcode) Date last seen Bill Date Koha item type
    Dewey Decimal Classification     EDUCATION SGT Engineering Library SGT Engineering Library Text Book 29/04/2020 300.00 SGTU 101 SHA ED4626 29/04/2020 29/04/2020 Books
    Dewey Decimal Classification     EDUCATION SGT Engineering Library SGT Engineering Library Text Book 29/04/2020 300.00 SGTU 101 SHA ED4627 29/04/2020 29/04/2020 Books
    Dewey Decimal Classification     EDUCATION SGT Engineering Library SGT Engineering Library Text Book 29/04/2020 300.00 SGTU 101 SHA ED4628 29/04/2020 29/04/2020 Books
    Dewey Decimal Classification     EDUCATION SGT Engineering Library SGT Engineering Library Text Book 29/04/2020 300.00 SGTU 101 SHA ED4629 29/04/2020 29/04/2020 Books